Modern Indian theatre : (Record no. 27306)

MARC details
000 -LEADER
fixed length control field 02654nam a22003615a 4500
005 - DATE AND TIME OF LATEST TRANSACTION
control field 20090606160151.0
008 - FIXED-LENGTH DATA ELEMENTS--GENERAL INFORMATION
fixed length control field 090326s2009 ii b 000 0 eng
010 ## - LCCN (DPL NO)
LC control number ENG-93938
020 ## - INTERNATIONAL STANDARD BOOK NUMBER
International Standard Book Number 9780195685954
Terms of availability 895.00
020 ## - INTERNATIONAL STANDARD BOOK NUMBER
International Standard Book Number 0195685954
Terms of availability 895.00
035 ## - SYSTEM CONTROL NUMBER
System control number EN-77471
035 ## - SYSTEM CONTROL NUMBER
System control number B-360827-833
037 ## - SOURCE OF ACQUISITION
Source of stock number/acquisition DBAD / PUB
037 ## - SOURCE OF ACQUISITION
Source of stock number/acquisition Uppal Book Store
040 ## - CATALOGING SOURCE
Original cataloging agency dpl
Language of cataloging English
082 ## - DEWEY DECIMAL CLASSIFICATION NUMBER
Classification number 792.0954
245 ## - TITLE STATEMENT
Title Modern Indian theatre :
Remainder of title a reader /
Statement of responsibility, etc edited by Nandi Bhatia
260 ## - PUBLICATION, DISTRIBUTION, ETC. (IMPRINT)
Place of publication, distribution, etc New Delhi
Name of publisher, distributor, etc Oxford University Press
Date of publication, distribution, etc 2009
270 ## - ADDRESS
Address YMCA Library Building, Jai Singh Road,
City New Delhi
Postal code 110001
300 ## - PHYSICAL DESCRIPTION
Extent xxxix, 487 p.
Dimensions 23cm(Hb)
500 ## - GENERAL NOTE
General note Includes bibliographical references
700 ## - ADDED ENTRY--PERSONAL NAME
Personal name Bhatia, Nandi
942 ## - ADDED ENTRY ELEMENTS (KOHA)
Source of classification or shelving scheme Dewey Decimal Classification
Item type English Books
Call number suffix MOD
Classification part 792.0954
Holdings
Withdrawn status Lost status Source of classification or shelving scheme Damaged status Not for loan Collection code Home library Current library Date acquired Source of acquisition Cost, normal purchase price Total Checkouts Full call number Barcode Date last seen Copy number Cost, replacement price Koha item type Total Renewals
    Dewey Decimal Classification     Non-fiction Central Library Central Library 25/03/2010 Uppal Book Store/9013/26.10.09/128/16.10.09/26.10.09 895.00   792.0954 MOD B-360827 25/03/2010 1 895.00 English Books  
    Dewey Decimal Classification   Not For Loan Non-fiction D.B.Act.Division D.B.Act.Division 06/06/2009 DBAD / PUB 895.00   792.0954 MOD EN-77471 06/06/2009 1 895.00 English Books  
    Dewey Decimal Classification     Non-fiction Janak Puri Janak Puri 25/03/2010 Uppal Book Store/9013/26.10.09/128/16.10.09/26.10.09 895.00 6 792.0954 MOD B-360829 03/11/2018 1 895.00 English Books 2
    Dewey Decimal Classification     Non-fiction Karol Bagh Karol Bagh 25/03/2010 Uppal Book Store/9013/26.10.09/128/16.10.09/26.10.09 895.00   792.0954 MOD B-360832 25/03/2010 1 895.00 English Books  
    Dewey Decimal Classification     Non-fiction Patel Nagar Patel Nagar 25/03/2010 Uppal Book Store/9013/26.10.09/128/16.10.09/26.10.09 895.00 1 792.0954 MOD B-360828 29/01/2019 1 895.00 English Books  
    Dewey Decimal Classification     Non-fiction Sarojini Nagar Sarojini Nagar 25/03/2010 Uppal Book Store/9013/26.10.09/128/16.10.09/26.10.09 895.00 4 792.0954 MOD B-360830 19/09/2024 1 895.00 English Books 2
    Dewey Decimal Classification     Non-fiction Shahdara Branch Shahdara Branch 25/03/2010 Uppal Book Store/9013/26.10.09/128/16.10.09/26.10.09 895.00   792.0954 MOD B-360833 25/03/2010 1 895.00 English Books  
    Dewey Decimal Classification     Non-fiction Vinoba Puri Vinoba Puri 25/03/2010 Uppal Book Store/9013/26.10.09/128/16.10.09/26.10.09 895.00 5 792.0954 MOD B-360831 11/02/2019 1 895.00 English Books  

© Delhi Public Library
Hit Counter
free hit counter